Vibrations
Shranjeno v:
| Glavni avtor: | |
|---|---|
| Format: | Knjiga |
| Jezik: | Undetermined |
| Izdano: |
Australia
Thomson
2004
|
| Teme: | |
| Oznake: |
Označite
Brez oznak, prvi označite!
|
| Thư viện lưu trữ: | Trung tâm Học liệu Trường Đại học Cần Thơ |
|---|
| LEADER | 00545nam a2200205Ia 4500 | ||
|---|---|---|---|
| 001 | CTU_87618 | ||
| 008 | 210402s9999 xx 000 0 und d | ||
| 020 | |c 105.04 | ||
| 082 | |a 620.30151 | ||
| 082 | |b B171 | ||
| 100 | |a Balachandran, Balakumar | ||
| 245 | 0 | |a Vibrations | |
| 245 | 0 | |c Balakumar Balachandran, Edward B. Magrab | |
| 260 | |a Australia | ||
| 260 | |b Thomson | ||
| 260 | |c 2004 | ||
| 650 | |a Vibrations,Vibration | ||
| 650 | |x Mathematical models | ||
| 904 | |i Trúc | ||
| 980 | |a Trung tâm Học liệu Trường Đại học Cần Thơ | ||